|
|
|
|
| LEADER |
00639nab a2200181 i 4500 |
| 001 |
publ15292 |
| 005 |
20221129094514.0 |
| 008 |
190503s2015 hu o 0|| zxx d |
| 022 |
|
|
|a 1218-2583
|
| 024 |
7 |
|
|a 3020284
|2 mtmt
|
| 040 |
|
|
|a SZTE Publicatio Repozitórium
|b hun
|
| 041 |
|
|
|a zxx
|
| 100 |
1 |
|
|a Somfay Attila
|
| 245 |
1 |
0 |
|a Rehabilitáció – habilitáció – mozgásprogramok COPD-ben
|h [elektronikus dokumentum] /
|c Somfay Attila
|
| 260 |
|
|
|c 2015
|
| 300 |
|
|
|a 26-29
|
| 490 |
0 |
|
|a ORVOSTOVÁBBKÉPZŐ SZEMLE
|v 22
|
| 856 |
4 |
0 |
|u http://publicatio.bibl.u-szeged.hu/15292/11/Rehabilitacio-habilitacio-mozgasprogramokaCOPD-ben.pdf
|z Dokumentum-elérés
|